000 00238 a2200097 4500
001 54141
100 _aSharif Qazi,R.Muhammad
245 _aKalam-e-Rehman,Bible Ya Quran?
260 _aLahore
_bFerozsons Ltd
_c2001
090 _c33752
_d33752
942 _aNUST-CAE
_cM
_c26394
999 _c289214
_d289214